Anatomy of a lynching : the killing of Claude Neal /

Bibliographic Details
Main Author: McGovern, James R.
Format: Book
Language:English
Published: Baton Rouge : Louisiana State University Press, [1982]
Subjects:

MARC

Tag First Indicator Second Indicator Subfields
LEADER 00000pam a2200000 a 4500
001 in00000087384
005 20151008062931.0
008 810924s1982 laua b s00110 eng
010 |a  81017140  
020 |a 0807109762 :  |c $17.50 
035 |a (OCoLC)07835598 
035 |9 AAK1231AM 
039 0 |a 2  |b 3  |c 3  |d 3  |e 3 
040 |a DLC  |c DLC  |d TXA  |d UtOrBLW 
043 |a n-us--- 
049 |a TXAM  |c [1272570] 
050 0 0 |a HV6465 F6  |b M35 1982 
082 0 |a 364.1/34  |2 19 
100 1 |a McGovern, James R. 
245 1 0 |a Anatomy of a lynching :  |b the killing of Claude Neal /  |c James R. McGovern. 
264 1 |a Baton Rouge :  |b Louisiana State University Press,  |c [1982] 
264 4 |c ©1982 
300 |a xii, 170 pages :  |b illustrations ;  |c 24 cm. 
336 |a text  |b txt  |2 rdacontent 
337 |a unmediated  |b n  |2 rdamedia 
338 |a volume  |b nc  |2 rdacarrier 
500 |a Includes index. 
504 |a Bibliography: pages 159-165. 
600 1 0 |a Neal, Claude,  |d -1934. 
650 0 |a Lynching. 
999 |a MARS 
999 f f |s e34b999c-914b-395d-a5d8-efae14bfa1a3  |i 7de873b1-8178-3111-8004-a7eba41bb566  |t 0 
952 f f |p ric  |a Texas A&M University  |b Rellis Campus  |c Joint Library Facility  |d Remote Storage  |t 0  |e HV6465 F6 M35 1982  |h Library of Congress classification  |i unmediated -- volume  |m A14805976805 
998 f f |a HV6465 F6 M35 1982  |t 0  |l Remote Storage